000 nam a22 7a 4500
999 _c128220
_d128220
008 180920b xxu||||| |||| 00| 0 eng d
050 _aBX2350.2.V18
100 _aVan Kaam, Adrian
_942428
245 _aA psychology of the catholic intellectual
_c/ by Adrian Van Kaam
260 _aChicago
_bFranciscan Herald Press
_c1994
300 _a66p.
_c18cm.
440 _aSynthesis Series
_942429
650 _aSpiritual Life
_xCatholic Church
_942430
942 _2lcc
_cMONOGRAPH